|
|
|
|
| LEADER |
00784cam a2200217 a 4500 |
| 001 |
c000216209 |
| 003 |
CARM |
| 005 |
19900108000000.0 |
| 008 |
830609s1962 enka 000 0 eng d |
| 019 |
1 |
|
|a 2721283
|z 27823815
|5 LACONCORD2021
|
| 035 |
|
|
|a (OCoLC)270367
|5 LACONCORD2021
|
| 040 |
|
|
|a QUT
|b eng
|c QUT
|d NU
|
| 082 |
0 |
4 |
|a 629.8
|
| 245 |
0 |
0 |
|a Automatic control handbook /
|c edited by G.A.T. Burdett.
|
| 260 |
|
|
|a London :
|b Newnes,
|c 1962.
|
| 300 |
|
|
|a 1 v. :
|b ill. ;
|c 23 cm.
|
| 650 |
|
0 |
|a Automatic control.
|
| 700 |
1 |
|
|a Burdett, Geoffrey,
|d 1910-
|
| 852 |
8 |
|
|b CARM
|h A2:AK05A0
|i B06040
|p 0254127
|f BK
|
| 999 |
f |
f |
|i 09be126a-7819-57cf-a0df-263a97fe4735
|s d2b34ec1-7b25-5523-b499-97d613ef160d
|
| 952 |
f |
f |
|p Can circulate
|a CAVAL
|b CAVAL
|c CAVAL
|d CARM 1 Store
|e B06040
|f A2:AK05A0
|h Other scheme
|i book
|m 0254127
|